Papermaking Science and Technology. Book 3 : Forest Products Chemistry /

Na minha lista:
Detalhes bibliográficos
Formato: Livro
Idioma:inglês
Publicado em: Helsinki : Fapet Oy, 1998
Tags: Adicionar Tag
Sem tags, seja o primeiro a adicionar uma tag!

MARC

LEADER 00000nam a22000003a 4500
001 stu86556
005 20150408175245.1
008 040503s1998----fi------------------eng-d
020 |a 952-5216-03-9 
040 |a STU  |b slo 
041 0 |a eng 
044 |a fi 
080 |a 676(03) 
245 |a Papermaking Science and Technology. Book 3 :  |b Forest Products Chemistry /  |c Per Stenius 
260 |a Helsinki :  |b Fapet Oy,  |c 1998 
300 |a 425 s. Obr.,tab.,grafy,lit.,index 
996 |b C97359  |c C*97359  |l CCVIIIA  |s P  |a 0  |w stu86556_0001